FBS Teams by Logo - Statistics

General Stats
  • This quiz has been taken 39 times
  • The average score is 103 of 136
Answer Stats
Picture Answer % Correct
Air Force
100%
Alabama
100%
Akron
89%
Arizona
89%
Arizona State
89%
Arkansas
89%
Arkansas State
84%
Army
84%
Auburn
84%
Baylor
79%
Boise State
79%
Boston College
79%
BYU
79%
California
79%
Central Florida
79%
Cincinnati
79%
Clemson
79%
Colorado
79%
Colorado State
79%
Connecticut
79%
Delaware
79%
Duke
79%
Florida
79%
Florida State
79%
Georgia
79%
Georgia Southern
79%
Georgia Tech
79%
Hawai'i
79%
Houston
79%
Indiana
79%
Iowa
79%
Iowa State
79%
Jacksonville State
79%
James Madison
79%
Kansas
79%
Kansas State
79%
Kentucky
79%
Louisiana Tech
79%
LSU
79%
Maryland
79%
Massachusetts
79%
Memphis
79%
Miami
79%
Michigan
79%
Michigan State
79%
Minnesota
79%
Mississippi
79%
Mississippi State
79%
Missouri
79%
NC State
79%
Nebraska
79%
New Mexico State
79%
North Carolina
79%
Northern Illinois
79%
Northwestern
79%
Notre Dame
79%
Ohio State
79%
Oklahoma
79%
Oklahoma State
79%
Oregon
79%
Penn State
79%
Purdue
79%
Rutgers
79%
South Carolina
79%
Stanford
79%
Tennessee
79%
Texas
79%
Texas A&M
79%
Toledo
79%
Tulane
79%
Tulsa
79%
UCLA
79%
Virginia
79%
Virginia Tech
79%
Wake Forest
79%
Washington
79%
Ball State
74%
Coastal Carolina
74%
East Carolina
74%
Eastern Michigan
74%
Florida Atlantic
74%
Florida International
74%
Fresno State
74%
Georgia State
74%
Illinois
74%
Liberty
74%
Louisville
74%
Navy
74%
North Texas
74%
Old Dominion
74%
Oregon State
74%
Pittsburgh
74%
Rice
74%
San Diego State
74%
San Jose State
74%
SMU
74%
South Florida
74%
Syracuse
74%
TCU
74%
Temple
74%
Texas Tech
74%
Troy
74%
UNLV
74%
Utah
74%
Utah State
74%
Vanderbilt
74%
Washington State
74%
Western kentucky
74%
West Virginia
74%
Wisconsin
74%
Wyoming
74%
App State
68%
Buffalo
68%
Central Michigan
68%
Kennesaw State
68%
Kent State
68%
Louisiana
68%
Marshall
68%
Miami (OH)
68%
Missouri State
68%
Nevada
68%
New Mexico
68%
Sam Houston State
68%
Southern California
68%
Texas State
68%
UAB
68%
UTEP
68%
UTSA
68%
Western Michigan
68%
Charlotte
63%
Middle Tennessee State
63%
Ohio
63%
South Alabama
63%
Bowling Green State
53%
Southern Miss
47%
UL Monroe
26%
No matching quizzes found
Score Distribution
Percent of People with Each Score
Percentile by Number Answered
Your Score History
You have not taken this quiz